LIBRARY & INFORMATION CENTRE, KCAET, TAVANUR

ONLINE PUBLIC ACCESS CATALOGUE (OPAC)

Soil conditioners and amendments / (Record no. 7367)

MARC details
000 -LEADER
fixed length control field 00530cam a2200205ua 4500
020 ## - INTERNATIONAL STANDARD BOOK NUMBER
ISBN 81 85680 21 3
041 ## - LANGUAGE CODE
Language code of text/sound track or separate title eng
082 ## - DEWEY DECIMAL CLASSIFICATION NUMBER
Classification number 631.42
Item number SOM/SO
100 ## - MAIN ENTRY--AUTHOR NAME
Personal name Somani, L L .
245 ## - TITLE STATEMENT
Title Soil conditioners and amendments /
250 ## - EDITION STATEMENT
Edition statement 1 /
260 ## - PUBLICATION, DISTRIBUTION, ETC. (IMPRINT)
Place of publication Udaypur :
Name of publisher Agro-tech publishing academy ,
Year of publication 1996.
300 ## - PHYSICAL DESCRIPTION
Number of Pages 320 ; .
700 1# - ADDED ENTRY--PERSONAL NAME
Personal name Totawat, K L .
942 ## - ADDED ENTRY ELEMENTS (KOHA)
Koha item type Books
Holdings
Withdrawn status Lost status Damaged status Home library Current library Date acquired Full call number Accession Number Koha item type
      KAUAET KAUAET 07/04/2012 631.42 19666 Books
      KAUAET KAUAET 07/04/2012 631.42 20822 Books
free website counter